000 01486namaa22003371i 4500
005 20260429123828.0
008 260429s1994 ua a|||frm||| 00| 0 eng d
040 _aEG-GICUC
_beng
_cEG-GICUC
_dEG-GICUC
_erda
041 0 _aeng
_beng
_bara
049 _aDeposit
097 _aM.Sc
099 _aCai01.11.18.M.Sc.1994.Sa.E.
100 0 _aSayed Abdel-Aziz El Sayed El Gendy
_epreparation.
245 1 0 _aEffect of non-steroidal anti-inflammatory drugs on post prandial emptying of gall bladder /
_cBy Sayed Abdel-Aziz El Sayed El Gendy ; Supervised By Dr. Mohamed M. Mashali, Dr. Nouman M. H. El Garem.
246 1 5 _aتأثير مضادات الالتهاب من غير الاستيرويدات على تفريغ المرارة بعد الوجبات
264 0 _c1994.
300 _a60 pages :
_billustrations ;
_c30 cm. +
336 _2rda content
_atext
337 _2rdamedia
_aUnmediated
338 _2rdacarrier
_avolume
502 _aThesis (M.Sc.)-Cairo University, 1994.
504 _aBibliography: pages54-60
653 0 _ainternal medicine
653 0 _anon-steroidal anti-inflammatory drugs
653 0 _agall bladder
700 0 _aDr. Mohamed M. Mashali.
_ethesis advisor.
700 0 _aDr. Nouman M. H. El Garem.
_ethesis advisor.
900 _DDepartment of internal medicine
_FFaculty of medicine
_UCairo University
_b1994.
_cDr. Mohamed M. Mashali.
_cDr. Nouman M. H. El Garem.
_dDr. Mohamed M. Mashali.
905 _aNermeen-A
942 _2ddc
_cTH
_e21
_n0
999 _c179810